000 01720cam a2200169 4500500
005 20260111104949.0
041 _afre
042 _adc
100 1 0 _aVallet, Élisabeth
_eauthor
245 0 0 _aL'heure du jugement : le système électoral américain en question
260 _c2005.
500 _a51
520 _aRésuméLa réélection de George W. Bush donnerait le sentiment que l’imbroglio juridique de 2000 est désormais bien loin. Tel n’est pourtant pas le cas et, vu les problèmes observés en 2004, les élections de 2008 pourraient être le théâtre d’une nouvelle guérilla juridique. En dépit des velléités affichées par les législateurs d’améliorer le Help America Vote Act, la réforme électorale ne figure pas au premier rang des priorités des législatures - fédérées et fédérale. Les observateurs sont pourtant unanimes: telle est la clé d’une démocratie plus juste, d’un État plus impartial.
520 _aThe reelection of George W. Bush in 2004 shows that the 2000 presidential election debacle seems now quite distant. However, many unsolved problems remain this second time around, and it is doubtful that the elections of 2008 will dissipate a number of pending and troubling complex legal issues that need to be better dealt with. Although neither states legislatures nor the federal Congress admit to the urgency of electoral reform as the key to better democracy, it is a conclusion that most commentators seem to be drawing from the experience of 2000 and 2004.
786 0 _nPolitique américaine | 2 | 2 | 2005-06-01 | p. 79-90 | 1771-8848
856 4 1 _uhttps://shs.cairn.info/revue-politique-americaine-2005-2-page-79?lang=fr&redirect-ssocas=7080
999 _c1631233
_d1631233